Sea animals / (Record no. 7159)

MARC details
000 -LEADER
fixed length control field 01173nam a22002657a 4500
001 - CONTROL NUMBER
control field 7159
003 - CONTROL NUMBER IDENTIFIER
control field FISKH
005 - DATE AND TIME OF LATEST TRANSACTION
control field 20250630143232.0
008 - FIXED-LENGTH DATA ELEMENTS--GENERAL INFORMATION
fixed length control field 250630b cb ||||| |||| 00| 0 eng d
020 ## - INTERNATIONAL STANDARD BOOK NUMBER
International Standard Book Number 9780811804592
040 ## - CATALOGING SOURCE
Original cataloging agency FISKH
Language of cataloging eng
Transcribing agency FISKH
Modifying agency FISKH
050 ## - LIBRARY OF CONGRESS CALL NUMBER
Classification number QL122.E75
082 ## - DEWEY DECIMAL CLASSIFICATION NUMBER
Classification number 596.092
100 ## - MAIN ENTRY--PERSONAL NAME
Personal name Erickson, Amy
245 ## - TITLE STATEMENT
Title Sea animals /
Statement of responsibility, etc. by Amy Erickson
260 ## - PUBLICATION, DISTRIBUTION, ETC.
Place of publication, distribution, etc. San Francisco :
Name of publisher, distributor, etc. Chronicle Books,
Date of publication, distribution, etc. 1995.
300 ## - PHYSICAL DESCRIPTION
Extent 12 unnumbered pages :
Other physical details color illustrations ;
Dimensions 22 cm
505 ## - FORMATTED CONTENTS NOTE
Formatted contents note E<br/>
520 ## - SUMMARY, ETC.
Summary, etc. Answering the need for board books with high quality illustrations and simple yet informative texts, this colorful book introduces young children to a variety of animals. InSea Animals, children learn about a sea otter, sea turtle, whale, shark, dolphin, and elephant seal. Constructed on heavy board that can withstand hours of interactive play, this sturdy book is a great way for young children to explore exotic environments and meet animals from around the world.
521 8# - TARGET AUDIENCE NOTE
Target audience note 160<br/>
Source Lexile estimate<br/>
521 8# - TARGET AUDIENCE NOTE
Target audience note E<br/>
Source Raz-Plus<br/>
650 ## - SUBJECT ADDED ENTRY--TOPICAL TERM
Topical term or geographic name entry element Board book
Form subdivision Sea animals
General subdivision Mammals
942 ## - ADDED ENTRY ELEMENTS (KOHA)
Source of classification or shelving scheme Dewey Decimal Classification
Koha item type Books
Suppress in OPAC No
Holdings
Withdrawn status Lost status Source of classification or shelving scheme Damaged status Not for loan Collection Home library Current library Shelving location Date acquired Total Checkouts Full call number Barcode Date last seen Copy number Price effective from Koha item type
    Dewey Decimal Classification     Non-Fiction Footprints International School Library Network Toul Kork Campus Footprints International School Library Network Toul Kork Campus TK Primary Library Room(4th Floor), Bookcase 7, Shelves 57-60, Dark Green Books 06/30/2025   ERI 596.092 QL122.E75 FISTKKB005 06/30/2025 1 06/30/2025 Books